[Event "Kiev GP Anfield final"]
[Site "Kiev"]
[Date "2023.04.02"]
[Round "8"]
[White "Shishkin, Vadim"]
[Black "Maly, Alexey"]
[Result "1/2-1/2"]
[WhiteElo "2417"]
[BlackElo "2355"]
[PlyCount "22"]
[EventDate "2023.04.01"]
[EventType "swiss (rapid)"]
[EventRounds "11"]
[EventCountry "UKR"]
[SourceTitle "CBM 213 Extra"]
[Source "ChessBase"]
[SourceDate "2023.05.31"]
[SourceVersion "1"]
[SourceVersionDate "2023.05.31"]
[SourceQuality "1"]

1. d4 d5 2. c4 dxc4 3. e3 Nf6 4. Bxc4 e6 5. Nf3 a6 6. a4 c5 7. 0-0 Nc6 8. Nc3 cxd4 9. exd4 Nb4 10. Bg5 Be7 11. Re1 0-0 1/2-1/2

[Event "Kiev Spring op"]
[Site "Kiev"]
[Date "2023.03.30"]
[Round "8"]
[White "Tulchynskyi, Feliks"]
[Black "Maly, Alexey"]
[Result "1/2-1/2"]
[WhiteElo "2242"]
[BlackElo "2355"]
[PlyCount "45"]
[EventDate "2023.03.25"]
[EventType "swiss"]
[EventRounds "9"]
[EventCountry "UKR"]
[SourceTitle "EXT 2024"]
[Source "ChessBase"]
[SourceDate "2023.10.10"]
[SourceVersion "1"]
[SourceVersionDate "2023.10.10"]
[SourceQuality "1"]

1. d4 d5 2. c4 dxc4 3. Nf3 Nf6 4. e3 e6 5. Bxc4 a6 6. 0-0 b5 7. Bd3 Bb7 8. a4 b4 9. Nbd2 Nbd7 10. e4 Nc5 11. Qe2 Nxd3 12. Qxd3 Be7 13. e5 Nd7 14. Ne4 0-0 15. Neg5 g6 16. Qe3 c5 17. Nxh7 Nxe5 18. Nxe5 Kxh7 19. Qh6+ Kg8 20. Nxg6 fxg6 21. Qxg6+ Kh8 22. Qh6+ Kg8 23. Qg6+ 1/2-1/2

[Event "Kiev Spring op"]
[Site "Kiev"]
[Date "2023.03.28"]
[Round "5"]
[White "Shevchenko, Yaroslav"]
[Black "Maly, Alexey"]
[Result "0-1"]
[WhiteElo "1781"]
[BlackElo "2355"]
[PlyCount "96"]
[EventDate "2023.03.25"]
[EventType "swiss"]
[EventRounds "9"]
[EventCountry "UKR"]
[SourceTitle "EXT 2024"]
[Source "ChessBase"]
[SourceDate "2023.10.10"]
[SourceVersion "1"]
[SourceVersionDate "2023.10.10"]
[SourceQuality "1"]

1. d4 d5 2. c4 dxc4 3. e4 Nf6 4. e5 Nd5 5. Bxc4 Nb6 6. Bb3 Nc6 7. Ne2 Bf5 8. Nbc3 e6 9. 0-0 Nb4 10. Nf4 c6 11. a3 Na6 12. Be3 Be7 13. Qf3 Nc7 14. Rad1 Qd7 15. Ne4 Nbd5 16. Nh5 Rg8 17. Nhg3 Bg6 18. Bg5 f6 19. exf6 gxf6 20. Bf4 Nxf4 21. Qxf4 Bxe4 22. Nxe4 Rg6 23. Qh4 0-0-0 24. Qxh7 Rdg8 25. g3 Qe8 26. Qh3 f5 27. Nc5 Rh8 28. Qg2 e5 29. Nd3 e4 30. Ne5 Rgh6 31. Nf7 Rxh2 32. Qxh2 Rxh2 33. Kxh2 Nd5 34. Bxd5 cxd5 35. Rc1+ Kb8 36. Ne5 Bd6 37. f4 a6 38. Kg2 Qa4 39. Rfd1 Qb3 40. Rd2 Ka7 41. Rc3 Qa4 42. Kf2 Qe8 43. Ke3 Qh5 44. Rc1 Bxe5 45. dxe5 Qf3+ 46. Kd4 e3 47. Rd3 Qe4+ 48. Kc3 Qc4# 0-1

[Event "Krakow op-A 33rd"]
[Site "Krakow"]
[Date "2023.01.03"]
[Round "8"]
[White "Dziewonski, Dariusz"]
[Black "Maly, Alexey"]
[Result "1/2-1/2"]
[WhiteElo "2142"]
[BlackElo "2370"]
[PlyCount "39"]
[EventDate "2022.12.27"]
[EventType "swiss"]
[EventRounds "9"]
[EventCountry "POL"]
[SourceTitle "CBM 212 Extra"]
[Source "ChessBase"]
[SourceDate "2023.03.31"]
[SourceVersion "1"]
[SourceVersionDate "2023.03.31"]
[SourceQuality "1"]

1. e4 c6 2. Nc3 d5 3. Nf3 Bg4 4. h3 Bxf3 5. Qxf3 e6 6. Be2 dxe4 7. Nxe4 Nd7 8. 0-0 Ngf6 9. d4 Nxe4 10. Qxe4 Nf6 11. Qd3 Be7 12. a4 a5 13. c3 0-0 14. Qf3 Nd5 15. Bd3 g6 16. g3 Bg5 17. h4 Bxc1 18. Raxc1 h5 19. Rfe1 Qf6 20. Qxf6 1/2-1/2

[Event "Kiev Shystariov Blitz"]
[Site "Kiev"]
[Date "2022.08.26"]
[Round "6"]
[White "Maly, Alexey"]
[Black "Andreev, Eduard"]
[Result "1-0"]
[WhiteElo "2370"]
[BlackElo "2413"]
[PlyCount "47"]
[EventDate "2022.08.26"]
[EventType "swiss (blitz)"]
[EventRounds "9"]
[EventCountry "UKR"]
[SourceTitle "CBM 209 Extra"]
[Source "ChessBase"]
[SourceDate "2022.09.30"]
[SourceVersion "1"]
[SourceVersionDate "2022.09.30"]
[SourceQuality "1"]

1. d4 Nf6 2. c4 e6 3. Nf3 c5 4. e3 cxd4 5. exd4 d5 6. Nc3 Bb4 7. cxd5 Nxd5 8. Bd2 0-0 9. Bd3 Nc6 10. 0-0 Bxc3 11. bxc3 Nf6 12. Bg5 Bd7 13. Qe2 b6 14. Ne5 h6 15. Bxf6 gxf6 16. Qg4+ Kh8 17. Qh4 Kg7 18. Nxd7 Qxd7 19. Rae1 f5 20. Re3 Qe7 21. Rg3+ Kh7 22. Qh5 Rg8 23. Re1 Rxg3 24. hxg3 1-0

[Event "Titled Tuesday intern op 22 Mar Early"]
[Site "Chess.com INT"]
[Date "2022.03.22"]
[Round "2"]
[White "Alinasab, Mobina"]
[Black "Maly, Alexey"]
[Result "0-1"]
[WhiteElo "2325"]
[BlackElo "2370"]
[PlyCount "76"]
[EventDate "2022.03.22"]
[EventType "swiss (blitz)"]
[EventRounds "11"]
[EventCountry "USA"]
[SourceTitle "CBM 207 Extra"]
[Source "ChessBase"]
[SourceDate "2022.05.31"]
[SourceVersion "1"]
[SourceVersionDate "2022.05.31"]
[SourceQuality "1"]

1. e4 c6 2. d4 d5 3. e5 Bf5 4. Nc3 e6 5. g4 Bg6 6. h4 h5 7. g5 c5 8. Nge2 Ne7 9. Nf4 cxd4 10. Nb5 Nf5 11. Nxg6 fxg6 12. Nxd4 Qb6 13. Nxf5 gxf5 14. g6 Nc6 15. f4 Bc5 16. Be2 Bf2+ 17. Kf1 0-0-0 18. Rh2 Bg3 19. Rg2 Bxh4 20. a4 Be7 21. a5 Nxa5 22. Bd2 Nc6 23. Rg3 h4 24. Rb3 Qd4 25. Qe1 h3 26. Bf3 h2 27. Bh1 Qc4+ 28. Kg2 Rh4 29. Rc3 Rg4+ 30. Kf3 Qe4+ 31. Qxe4 dxe4+ 32. Ke2 Rg1 33. Re1 Rxd2+ 34. Kxd2 Bb4 35. Rd1 Bxc3+ 36. bxc3 a5 37. Ke2 a4 38. Re1 a3 0-1

[Event "Titled Tuesday intern op 22 Mar Early"]
[Site "Chess.com INT"]
[Date "2022.03.22"]
[Round "1"]
[White "Chyngyz, Sultai"]
[Black "Maly, Alexey"]
[Result "1-0"]
[WhiteElo "1280"]
[BlackElo "2370"]
[PlyCount "175"]
[EventDate "2022.03.22"]
[EventType "swiss (blitz)"]
[EventRounds "11"]
[EventCountry "USA"]
[SourceTitle "CBM 207 Extra"]
[Source "ChessBase"]
[SourceDate "2022.05.31"]
[SourceVersion "1"]
[SourceVersionDate "2022.05.31"]
[SourceQuality "1"]

1. e4 c6 2. d4 d5 3. exd5 cxd5 4. Bd3 Nc6 5. c3 Qc7 6. Nf3 Bg4 7. 0-0 Nf6 8. h3 Bh5 9. Bg5 e6 10. Nbd2 Be7 11. Qc2 Bg6 12. Bxg6 hxg6 13. Rac1 0-0 14. Bh4 Rab8 15. c4 dxc4 16. Nxc4 Nd5 17. Bg3 Nf4 18. Qd2 g5 19. h4 f6 20. hxg5 fxg5 21. Nce5 Qd6 22. Nc4 Qd7 23. Qe3 Rbd8 24. Rfd1 Nb4 25. Nfe5 Qe8 26. Bxf4 gxf4 27. Qh3 Bf6 28. a3 Nd5 29. Re1 Bxe5 30. Rxe5 Rf6 31. Rce1 Nc7 32. Rh5 Rh6 33. Rxh6 gxh6 34. Qg4+ Kh7 35. Qxf4 Nd5 36. Qe4+ Kg7 37. Ne5 Qh5 38. Ng4 Re8 39. Ne5 Rf8 40. Nd7 Rf4 41. Qxe6 Rxd4 42. Qd6 Rf4 43. Nc5 Rf6 44. Qd7+ Rf7 45. Ne6+ Kg6 46. Qe8 Qf5 47. f3 Kf6 48. Qh8+ Kg6 49. Qg8+ Kf6 50. Qd8+ Kg6 51. Nd4 Qg5 52. Re6+ Kh7 53. Qxg5 hxg5 54. Re5 Nf4 55. Rxg5 Nd3 56. Ne6 Nxb2 57. Rb5 Nc4 58. Ng5+ Kg6 59. Nxf7 Kxf7 60. Rxb7+ Kf6 61. Rxa7 Kf5 62. Ra4 Nd2 63. Rd4 Nb3 64. Rd3 Nc1 65. Rd1 Nb3 66. a4 Kf4 67. a5 Nxa5 68. Kf2 Nb3 69. g3+ Kf5 70. g4+ Kf4 71. Rd3 Nc5 72. Rd5 Nd3+ 73. Rxd3 Kg5 74. Kg3 Kg6 75. Rd6+ Kg7 76. f4 Kf7 77. g5 Ke7 78. Rf6 Ke8 79. Rf5 Ke7 80. Kg4 Ke8 81. g6 Ke7 82. g7 Ke8 83. g8Q+ Ke7 84. Qf7+ Kd6 85. Rd5+ Kc6 86. Qd7+ Kb6 87. Rb5+ Ka6 88. Qb7# 1-0

[Event "Titled Tuesday intern op 22 Mar Early"]
[Site "Chess.com INT"]
[Date "2022.03.22"]
[Round "5"]
[White "Maly, Alexey"]
[Black "Sanal, Vahap"]
[Result "0-1"]
[WhiteElo "2370"]
[BlackElo "2601"]
[PlyCount "38"]
[EventDate "2022.03.22"]
[EventType "swiss (blitz)"]
[EventRounds "11"]
[EventCountry "USA"]
[SourceTitle "CBM 207 Extra"]
[Source "ChessBase"]
[SourceDate "2022.05.31"]
[SourceVersion "1"]
[SourceVersionDate "2022.05.31"]
[SourceQuality "1"]

1. d4 d5 2. c4 c6 3. e3 Nf6 4. Bd3 Bg4 5. Qc2 e6 6. Nd2 Nbd7 7. Ngf3 Bd6 8. 0-0 0-0 9. b3 e5 10. dxe5 Nxe5 11. Be2 Qc7 12. h3 Bh5 13. Bb2 Bg6 14. Qc3 Rfe8 15. Rad1 Rad8 16. Nxe5 Bxe5 17. Qc1 Bxb2 18. Qxb2 d4 19. Nf3 d3 0-1

[Event "Titled Tuesday intern op 22 Mar Early"]
[Site "Chess.com INT"]
[Date "2022.03.22"]
[Round "4"]
[White "Topalov, Aleksandar"]
[Black "Maly, Alexey"]
[Result "1/2-1/2"]
[WhiteElo "2239"]
[BlackElo "2370"]
[PlyCount "74"]
[EventDate "2022.03.22"]
[EventType "swiss (blitz)"]
[EventRounds "11"]
[EventCountry "USA"]
[SourceTitle "CBM 207 Extra"]
[Source "ChessBase"]
[SourceDate "2022.05.31"]
[SourceVersion "1"]
[SourceVersionDate "2022.05.31"]
[SourceQuality "1"]

1. b3 b6 2. Bb2 Bb7 3. Nf3 Nf6 4. g3 g6 5. Bg2 Bg7 6. 0-0 0-0 7. c4 c5 8. d4 cxd4 9. Nxd4 Bxg2 10. Kxg2 Nc6 11. Nxc6 dxc6 12. Qc2 Qc7 13. Nc3 Rad8 14. Rad1 Rxd1 15. Rxd1 Rd8 16. Rd3 Rxd3 17. Qxd3 Qd7 18. Qxd7 Nxd7 19. Na4 Bxb2 20. Nxb2 Kg7 21. Kf3 Kf6 22. Ke3 e5 23. Nd3 Ke6 24. b4 f5 25. h3 e4 26. Nf4+ Ke5 27. f3 g5 28. Nh5 exf3 29. exf3 Nf6 30. f4+ gxf4+ 31. gxf4+ Ke6 32. Nxf6 Kxf6 33. Kf3 Ke6 34. Ke3 c5 35. b5 Kf6 36. Kf3 Kg6 37. Kg3 Kh5 1/2-1/2

[Event "Titled Tuesday intern op 04th Jan"]
[Site "Chess.com INT"]
[Date "2022.01.04"]
[Round "8"]
[White "Albornoz Cabrera, Carlos Daniel"]
[Black "Maly, Alexey"]
[Result "1-0"]
[WhiteElo "2567"]
[BlackElo "2366"]
[PlyCount "81"]
[EventDate "2022.01.04"]
[EventType "swiss (blitz)"]
[EventRounds "11"]
[EventCountry "USA"]
[SourceTitle "EXT 2023"]
[Source "ChessBase"]
[SourceDate "2022.10.05"]
[SourceVersion "1"]
[SourceVersionDate "2022.10.05"]
[SourceQuality "1"]

1. e4 c6 2. d4 d5 3. e5 Bf5 4. Nf3 e6 5. Be2 Nd7 6. 0-0 h6 7. Nbd2 Ne7 8. Nb3 Bg6 9. a4 Nf5 10. Bd2 Be7 11. a5 a6 12. Bd3 0-0 13. g4 Nh4 14. Nxh4 Bxh4 15. f4 Bxd3 16. cxd3 f5 17. h3 Qe7 18. Nc5 Nxc5 19. Bb4 Rf7 20. Bxc5 Qd7 21. Kg2 Kh7 22. g5 Kg6 23. Rg1 hxg5 24. Kh2 Rh8 25. fxg5 Rh5 26. Qf3 f4 27. Rg4 Bg3+ 28. Kg2 Qe8 29. h4 Qh8 30. Rh1 Bxh4 31. Qh3 f3+ 32. Kf1 Bxg5 33. Rxg5+ Kxg5 34. Rg1+ Kf4 35. Qg3+ Ke3 36. Qe1+ Kf4 37. Qg3+ Ke3 38. Qe1+ Kxd3 39. Qc3+ Ke4 40. Rg4+ Kf5 41. Qxf3# 1-0

[Event "Titled Tuesday intern op 04th Jan"]
[Site "Chess.com INT"]
[Date "2022.01.04"]
[Round "3"]
[White "Maly, Alexey"]
[Black "Bodnar, Nikolay"]
[Result "1-0"]
[WhiteElo "2366"]
[BlackElo "2438"]
[PlyCount "77"]
[EventDate "2022.01.04"]
[EventType "swiss (blitz)"]
[EventRounds "11"]
[EventCountry "USA"]
[SourceTitle "EXT 2023"]
[Source "ChessBase"]
[SourceDate "2022.10.05"]
[SourceVersion "1"]
[SourceVersionDate "2022.10.05"]
[SourceQuality "1"]

1. d4 Nf6 2. c4 e6 3. Nf3 d5 4. e3 Be7 5. Nbd2 0-0 6. Bd3 a6 7. 0-0 dxc4 8. Nxc4 b5 9. Nce5 Bb7 10. a4 b4 11. b3 c5 12. Bb2 Nbd7 13. Qe2 cxd4 14. Bxd4 Nc5 15. Bc4 Nfe4 16. Rfd1 Qc7 17. Rac1 Rac8 18. Nd3 Qa5 19. Nxc5 Bxc5 20. Bxc5 Rxc5 21. Rd7 Bc8 22. Rd3 Nc3 23. Qe1 Qc7 24. h3 Bb7 25. Nd2 Qc6 26. f3 Qc7 27. e4 Rd8 28. Rxd8+ Qxd8 29. Nb1 Qd4+ 30. Kh2 Qe5+ 31. Kh1 Bxe4 32. Nxc3 bxc3 33. Qxe4 Qb8 34. Rxc3 Re5 35. Qb1 Qb4 36. Rc1 h5 37. Rd1 g6 38. Qb2 Qc5 39. f4 1-0

[Event "Titled Tuesday intern op 04th Jan"]
[Site "Chess.com INT"]
[Date "2022.01.04"]
[Round "10"]
[White "Padmini, Rout"]
[Black "Maly, Alexey"]
[Result "0-1"]
[WhiteElo "2345"]
[BlackElo "2366"]
[PlyCount "88"]
[EventDate "2022.01.04"]
[EventType "swiss (blitz)"]
[EventRounds "11"]
[EventCountry "USA"]
[SourceTitle "EXT 2023"]
[Source "ChessBase"]
[SourceDate "2022.10.05"]
[SourceVersion "1"]
[SourceVersionDate "2022.10.05"]
[SourceQuality "1"]

1. e4 c6 2. Nc3 d5 3. Nf3 Bg4 4. h3 Bxf3 5. Qxf3 dxe4 6. Nxe4 Nd7 7. Bc4 Ngf6 8. Nxf6+ Nxf6 9. 0-0 g6 10. b3 Bg7 11. Bb2 0-0 12. Rad1 Nd5 13. Bxg7 Kxg7 14. a4 a5 15. Rfe1 e6 16. g3 Qf6 17. Kg2 Qxf3+ 18. Kxf3 Kf6 19. h4 h5 20. Bf1 Rfb8 21. c4 Nb4 22. d4 Rd8 23. Re2 Rd7 24. Red2 Rad8 25. Ke3 Ke7 26. Be2 b6 27. Bf3 c5 28. dxc5 bxc5 29. Rxd7+ Rxd7 30. Rxd7+ Kxd7 31. Kd2 Kd6 32. g4 hxg4 33. Bxg4 Ke5 34. h5 gxh5 35. Bxh5 f5 36. Bf3 Kd4 37. Bb7 e5 38. f3 e4 39. fxe4 fxe4 40. Ba8 e3+ 41. Ke2 Na2 42. Kd1 Kd3 43. Bf3 Nc3+ 44. Ke1 Kc2 0-1

[Event "Titled Tuesday intern op 14th Dec"]
[Site "Chess.com INT"]
[Date "2021.12.14"]
[Round "7"]
[White "Maly, Alexey"]
[Black "Pichot, Alan"]
[Result "1/2-1/2"]
[WhiteElo "2368"]
[BlackElo "2625"]
[PlyCount "43"]
[EventDate "2021.12.14"]
[EventType "swiss (blitz)"]
[EventRounds "11"]
[EventCountry "USA"]
[SourceTitle "EXT 2023"]
[Source "ChessBase"]
[SourceDate "2022.10.05"]
[SourceVersion "1"]
[SourceVersionDate "2022.10.05"]
[SourceQuality "1"]

1. d4 Nf6 2. c4 e6 3. Nf3 d5 4. e3 a6 5. Nbd2 c5 6. dxc5 Bxc5 7. a3 0-0 8. b4 Ba7 9. Bb2 Nc6 10. Be2 Qe7 11. 0-0 Rd8 12. Qb3 d4 13. exd4 Nxd4 14. Nxd4 Bxd4 15. Bxd4 Rxd4 16. Nf3 Rd8 17. Rfd1 Bd7 18. Ne5 Be8 19. Bf3 Qc7 20. Qe3 Ba4 21. Rxd8+ Rxd8 22. h3 1/2-1/2

[Event "Titled Tuesday intern op 14th Dec"]
[Site "Chess.com INT"]
[Date "2021.12.14"]
[Round "11"]
[White "Maly, Alexey"]
[Black "Tsydypov, Zhamsaran"]
[Result "1/2-1/2"]
[WhiteElo "2368"]
[BlackElo "2526"]
[PlyCount "80"]
[EventDate "2021.12.14"]
[EventType "swiss (blitz)"]
[EventRounds "11"]
[EventCountry "USA"]
[SourceTitle "EXT 2023"]
[Source "ChessBase"]
[SourceDate "2022.10.05"]
[SourceVersion "1"]
[SourceVersionDate "2022.10.05"]
[SourceQuality "1"]

1. d4 Nf6 2. c4 g6 3. Nc3 Bg7 4. e4 d6 5. Be2 0-0 6. Nf3 Bg4 7. Ng1 Bd7 8. Nf3 Nc6 9. 0-0 e5 10. d5 Ne7 11. Ne1 Ne8 12. Be3 f5 13. f3 f4 14. Bf2 g5 15. c5 h5 16. a4 Rf6 17. a5 Rg6 18. h3 g4 19. fxg4 hxg4 20. Bxg4 Bxg4 21. hxg4 Nf6 22. cxd6 cxd6 23. Bh4 Nxg4 24. Rf3 Qc7 25. Nd3 Ne3 26. Rxe3 fxe3 27. Qe2 Bh6 28. a6 bxa6 29. Rxa6 Qd7 30. Qh5 Kh7 31. Nxe5 dxe5 32. Re6 Re8 33. Bg5 Rxe6 34. Qf7+ Bg7 35. dxe6 Qd8 36. Qh5+ Kg8 37. Qf7+ Kh8 38. Qh5+ Kg8 39. Qf7+ Kh8 40. Qh5+ Kg8 1/2-1/2

[Event "Titled Tuesday intern op 14th Dec"]
[Site "Chess.com INT"]
[Date "2021.12.14"]
[Round "8"]
[White "Rasulov, Vugar Ural Oglu"]
[Black "Maly, Alexey"]
[Result "0-1"]
[WhiteElo "2453"]
[BlackElo "2368"]
[PlyCount "224"]
[EventDate "2021.12.14"]
[EventType "swiss (blitz)"]
[EventRounds "11"]
[EventCountry "USA"]
[SourceTitle "EXT 2023"]
[Source "ChessBase"]
[SourceDate "2022.10.05"]
[SourceVersion "1"]
[SourceVersionDate "2022.10.05"]
[SourceQuality "1"]

1. d4 d5 2. c4 dxc4 3. Nf3 Nf6 4. e3 e6 5. Bxc4 a6 6. 0-0 b5 7. Be2 Bb7 8. Ne5 c5 9. Bf3 Qb6 10. a4 Nc6 11. Nxc6 Bxc6 12. axb5 Qxb5 13. Na3 Qb7 14. Bxc6+ Qxc6 15. Nc4 Be7 16. dxc5 Bxc5 17. Ne5 Qb5 18. Qa4 Qxa4 19. Rxa4 0-0 20. Bd2 Rfb8 21. b4 Bf8 22. Rfa1 Nd5 23. Nd7 Nb6 24. Nxb8 Nxa4 25. Rxa4 Rxb8 26. Kf1 Rb6 27. Ke2 f6 28. Kd3 Kf7 29. Kc4 Rc6+ 30. Kb3 Ke8 31. e4 Kd7 32. Be3 Bd6 33. h3 Be5 34. Bc5 Bd6 35. Kc4 Be5 36. Ra2 h5 37. h4 Kc8 38. g3 Kd7 39. f4 Bd6 40. Ra3 Be7 41. f5 Ke8 42. Rd3 Bd8 43. g4 hxg4 44. Rg3 Kf7 45. Rxg4 Rc7 46. Rg3 a5 47. Rd3 Be7 48. Kb5 axb4 49. Bxe7 Rxe7 50. Kxb4 exf5 51. exf5 Re4+ 52. Kc5 Re5+ 53. Rd5 Re4 54. Rd7+ Kg8 55. Rd4 Re5+ 56. Rd5 Re4 57. h5 Kh7 58. Kd6 Kh6 59. Rd2 Kxh5 60. Rg2 Kh6 61. Rf2 Kg5 62. Rg2+ Kxf5 63. Rxg7 Re1 64. Kd5 Kf4 65. Kd4 Rd1+ 66. Kc3 f5 67. Kc2 Rd8 68. Rg1 Ke4 69. Re1+ Kf4 70. Rf1+ Kg5 71. Rg1+ Kf6 72. Rf1 Ke5 73. Re1+ Kf6 74. Rf1 Rd4 75. Kc3 Rd7 76. Kc4 Re7 77. Kd3 Re4 78. Rg1 Ke5 79. Rf1 Ra4 80. Re1+ Kf4 81. Rf1+ Kg5 82. Rg1+ Rg4 83. Rf1 Re4 84. Rg1+ Kf6 85. Rf1 Ke6 86. Rf2 Re5 87. Rf1 Re4 88. Rf2 Ke5 89. Rf1 f4 90. Rf2 Re3+ 91. Kd2 Ke4 92. Rf1 f3 93. Rh1 Re2+ 94. Kd1 Ke3 95. Rh8 Kf2 96. Rh2+ Kf1 97. Rh1+ Kg2 98. Rh8 Re4 99. Rg8+ Kf1 100. Kd2 f2 101. Rg7 Re5 102. Rg8 Re6 103. Rg7 Rd6+ 104. Kc2 Ke1 105. Re7+ Kf1 106. Rg7 Rd5 107. Kc3 Ke2 108. Re7+ Kf3 109. Rf7+ Ke3 110. Rf8 Re5 111. Rf7 Re4 112. Kc2 Rf4 0-1